Kingdom of the Netherlands-Netherlands : 2016 Article IV Consultation-Press Release; Staff Report; and Statement by the Alternate Executive Director for the Kingdom of the Netherlands-Netherlands.

This 2016 Article IV Consultation highlights broad-based economic recovery in the Netherlands, which has been gathering speed. Real growth is forecast to reach 2.1 percent in 2016 owing to strong consumption and investment, reflecting improving confidence and rising housing prices, while net exports...

詳細記述

書誌詳細
団体著者: International Monetary Fund. European Dept
フォーマット: 雑誌
言語:English
出版事項: Washington, D.C. : International Monetary Fund, 2017.
シリーズ:IMF Staff Country Reports; Country Report ; No. 2017/077
オンライン・アクセス:Full text available on IMF
LEADER 01939cas a2200241 a 4500
001 AALejournalIMF017553
008 230101c9999 xx r poo 0 0eng d
020 |c 5.00 USD 
020 |z 9781475591491 
022 |a 1934-7685 
040 |a BD-DhAAL  |c BD-DhAAL 
110 2 |a International Monetary Fund.  |b European Dept. 
245 1 0 |a Kingdom of the Netherlands-Netherlands :   |b 2016 Article IV Consultation-Press Release; Staff Report; and Statement by the Alternate Executive Director for the Kingdom of the Netherlands-Netherlands. 
264 1 |a Washington, D.C. :  |b International Monetary Fund,  |c 2017. 
300 |a 1 online resource (53 pages) 
490 1 |a IMF Staff Country Reports 
500 |a <strong>Off-Campus Access:</strong> No User ID or Password Required 
500 |a <strong>On-Campus Access:</strong> No User ID or Password Required 
506 |a Electronic access restricted to authorized BRAC University faculty, staff and students 
520 3 |a This 2016 Article IV Consultation highlights broad-based economic recovery in the Netherlands, which has been gathering speed. Real growth is forecast to reach 2.1 percent in 2016 owing to strong consumption and investment, reflecting improving confidence and rising housing prices, while net exports are expected to slow as a result of weak external demand. Unemployment has been rapidly declining against the backdrop of an increasing labor supply. The economy is expected to keep its momentum in the coming years. Domestic consumption and investment are forecast to remain the main drivers of growth, prompting a gradual decline in the current account surplus. Inflation is expected to pick up along with the closing of the output gap. 
538 |a Mode of access: Internet 
830 0 |a IMF Staff Country Reports; Country Report ;  |v No. 2017/077 
856 4 0 |z Full text available on IMF  |u http://elibrary.imf.org/view/journals/002/2017/077/002.2017.issue-077-en.xml  |z IMF e-Library